<?xml version="1.0" encoding="UTF-8"?>
<collection xmlns="http://www.loc.gov/MARC21/slim">
  <record>
    <leader>00000nam  2200000   4500</leader>
    <controlfield tag="001">INLIS000000000018290</controlfield>
    <controlfield tag="005">20240924085944</controlfield>
    <datafield tag="035" ind1="#" ind2="#">
      <subfield code="a">0010-0924000119</subfield>
    </datafield>
    <controlfield tag="007">ta</controlfield>
    <controlfield tag="008">240924###########################0######</controlfield>
    <datafield tag="245" ind1="#" ind2="#">
      <subfield code="a">PERANG SALSEL :</subfield>
      <subfield code="b">Pelayanan Terapung Di Distrik Salawati Selatan /</subfield>
      <subfield code="c">Amirudin Umalelen</subfield>
    </datafield>
    <datafield tag="260" ind1="#" ind2="#">
      <subfield code="a">Makassar :</subfield>
      <subfield code="b">Puslatbang KMP RI LAN Makassar,</subfield>
      <subfield code="c">2023</subfield>
    </datafield>
    <datafield tag="300" ind1="#" ind2="#">
      <subfield code="a">25 ;</subfield>
      <subfield code="c">30</subfield>
    </datafield>
    <datafield tag="700" ind1=" " ind2="#">
      <subfield code="a">Milawaty, S.S., M.M (Coach)</subfield>
    </datafield>
    <datafield tag="700" ind1=" " ind2="#">
      <subfield code="a">Dr. Markus Karat, S.I.P., M.SI (Mentor)</subfield>
    </datafield>
    <datafield tag="520" ind1="#" ind2="#">
      <subfield code="a">Sesuai dengan Peraturan Bupati Sorong nomor 51 Tahun 2017 tentang Kedudukan, Susunan Organisasi, Tugas dan Fungsi serta Tata Kerja Distrik di Kabupaten Sorong Bab IV Pasal 5 menyebutkan bah- wa distrik mempunyai tugas melaksanakan kewenangan yang dilimpah- kan oleh Bupati untuk menangani sebagian urusan Otonomi daerah dan menyelenggarakan tugas umum pemerintahan lainnya berdasarkan ketentuan dan perudangan yang berlaku, dan ada beberapa tugas distr- ik seperti: mengkoordinasikan penyelenggaraan kegiatan pemerintahan di tingkat distrik, membina penyelenggaraan pemerintahan kampung. melaksanakan pelayanan kepada masyarakat yang menjadi ruang lingk- up tugasnya atau yang belum dapat dilaksanakan oleh pemerintahan kampung. Dilihat dari fungsi distrik tersebut di atas maka tidak terlepas juga pembinaan kepada kampung dalam kegiatan pengelolaan dana desa yang telah dikucurkan oleh pemerintah kepada setiap kampung.&#13;
&#13;
Distrik Salawati Selatan merupakan salah satu Distrik di Kabu- paten Sorong yang letaknya di Pulau Salawati terpisah dari Pulau Induk Kabupaten Sorong, dengan ibu Kota Distrik Sailolof, wilayahnya dikelilin- gi oleh laut dan berbatasan dengan Kabupaten Raja Ampat, memiliki 6 (enam) Kampung yaitu Kampung Sailolof, Kampung Payopo, Kampung Dulbatan, Kampung Maspop, Kampung Kotlol, Kampung Manokek, dan letaknya berbatasan dengan Kabupaten Raja Ampat, Distrik Salawati Selatan wilayahnya dikelilinggi oleh laut.</subfield>
    </datafield>
    <datafield tag="600" ind1="#" ind2="4">
      <subfield code="a">Pelayanan Terapung</subfield>
    </datafield>
    <datafield tag="856" ind1="#" ind2="#">
      <subfield code="a">PUSLATBANG KMP LAN RI Makassar</subfield>
    </datafield>
  </record>
</collection>
